| 000 | 00472nam a2200181Ia 4500 | ||
|---|---|---|---|
| 005 | 20250514151339.0 | ||
| 008 | 240825s9999 xx 000 0 und d | ||
| 020 |
_a9788180942075 _qhbk |
||
| 041 | _aeng22 | ||
| 082 |
_a305.5 _bTHU |
||
| 100 | _aThurston, Edgar | ||
| 245 | 0 |
_aCastes and Tribes of Southern India(Vols7) _c/Edgar Thurston, C.I.E., |
|
| 250 | _a1st edition | ||
| 260 |
_bMJP _c2023 |
||
| 300 |
_a 222p _c22 cm |
||
| 650 | _aHistory | ||
| 942 | _cENGLISH | ||
| 999 |
_c547319 _d547319 |
||